000 00426nam a2200157 i 4500
001 37845
003 ES-MaACL
005 20230906155643.0
007 t|
008 030224s1917 xxu ||||1| eng d
100 1 _aCaffin, Charles H.
_933420
245 1 4 _aThe story of spanish painting /
_cCharles H. Caffin.
260 _aNew York :
_bThe Century Co,
_c1917.
300 _aXI, 203 p. ;
_c21 cm.
852 _aES-MaACL
_jD-3453
999 _c37845
_d37845